XI Roku 2004 Polskich Piłkarzy (wg Tygodnika "Piłka Nożna") - Statystyki

Ogólne statystyki
  • Ten quiz został rozwiązany 53 razy
  • Średni wynik to 6 z 11
Statystyki odpowiedzi
Pozycja Klub Zawodnik % Poprawnych
BR Liverpool Jerzy Dudek
100%
LP Nurnberg/Leverkusen Jacek Krzynówek
80%
N Wisła Maciej Żurawski
72%
N Wisła Tomasz Frankowski
64%
ŚO Lens Jacek Bąk
62%
PO Wisła Marcin Baszczyński
60%
LO Partizan/Heerenveen Tomasz Rząsa
44%
ŚO Wisła Tomasz Kłos
40%
ŚPO Wisła Mirosław Szymkowiak
38%
PP Kaiserslautern Kamil Kosowski
36%
ŚPD Heerenveen Arkadiusz Radomski
24%
Nie znaleziono quizów pasujących do podanych kryteriów
Rozkład punktacji
Procent ludzi z każdym wynikiem
Percentyl według liczby udzielonych odpowiedzi
Twoja historia wyników
Nie rozwiązałeś tego quizu